Statistics for Running Shoe Brands

Click here to take the quiz!

General Stats

  • This quiz has been taken 109 times
  • The average score is 6 of 12

Answer Stats

Brand% Correct
Nike
100%
Adidas
94%
Asics
72%
New Balance
68%
Puma
59%
Saucony
56%
Brooks
53%
Under Armour
39%
Mizuno
31%
Salomon
15%
Skechers
12%
Inov8
2%

Score Distribution

Percentile by Number Answered

Percent of People with Each Score

Your Score History

You have not taken this quiz